000 00710nam a22002537a 4500
003 UA-OsUOA
001 25346
007 ta
008 20040401b un ||||| |||| 00| 0 ukr d
100 _aДробышевский С.А.
090 _a32(091)
_bД75
942 _cBK
040 _aUA-OsUOA
_brus
_cUA-OsUOA
_dUA-OsUOA
245 _aИстория политических и правовых учений: основные классические идеи
_bУчебное пособие
300 _a412 с.
955 _a0
041 _arus
080 _a32(091)
020 _a5-7975-0613-0
260 _aМосква
_bЮристъ
_c2003
044 _aRU
650 7 _2UDC
999 _c311639
_d311639